A textbook of jurisprudence (Record no. 574358)

000 -LEADER
fixed length control field 00470nam a22001937a 4500
003 - CONTROL NUMBER IDENTIFIER
control field CEME
005 - DATE AND TIME OF LATEST TRANSACTION
control field 20210628203600.0
008 - FIXED-LENGTH DATA ELEMENTS--GENERAL INFORMATION
fixed length control field 210121b xxu||||| |||| 00| 0 eng d
020 ## - INTERNATIONAL STANDARD BOOK NUMBER
International Standard Book Number 0-19-567065-5
040 ## - CATALOGING SOURCE
Transcribing agency .
082 ## - DEWEY DECIMAL CLASSIFICATION NUMBER
Classification number 340.1 PAT
100 ## - MAIN ENTRY--PERSONAL NAME
Personal name Paton, George Whitecross
9 (RLIN) 66385
245 ## - TITLE STATEMENT
Title A textbook of jurisprudence
250 ## - EDITION STATEMENT
Edition statement 4TH
260 ## - PUBLICATION, DISTRIBUTION, ETC.
Place of publication, distribution, etc. NEW DELHI
Name of publisher, distributor, etc. OXFORD
Date of publication, distribution, etc. 2007
300 ## - PHYSICAL DESCRIPTION
Extent XVII,659 P
650 ## - SUBJECT ADDED ENTRY--TOPICAL TERM
Topical term or geographic name entry element JURISPRUDENCE
9 (RLIN) 35222
942 ## - ADDED ENTRY ELEMENTS (KOHA)
Koha item type Book
Source of classification or shelving scheme
Holdings
Withdrawn status Lost status Damaged status Not for loan Permanent Location Current Location Date acquired Total Checkouts Full call number Barcode Date last seen Price effective from Koha item type
        College of Electrical & Mechanical Engineering (CEME) College of Electrical & Mechanical Engineering (CEME) 04/05/2017   340.1 PAT CEME-42747 06/28/2021 06/28/2021 Book
        College of Electrical & Mechanical Engineering (CEME) College of Electrical & Mechanical Engineering (CEME) 04/05/2017   340.1 PAT CEME-42748 06/28/2021 06/28/2021 Book
© 2023 Central Library, National University of Sciences and Technology. All Rights Reserved.